000 00950nam0a22003011 4500
001 v19\rc\1409832
005 20260602112116.0
035 _a(NLR Aleph) 004538612
090 _a1973008
_c1973008
100 _a20060512d1877 |||y0rusy50 ca
101 0 _arus
102 _aRU
105 _ay z |||c|
200 1 _aИнтересы России на Востоке и нынешняя война
_eИст. очерк
_fСост. А.И. Беренс
210 _aСанкт-Петербург
_cтип. А.А. Краевского
_d1877
215 _a32 с.
_d26
700 1 _aБеренс
_bА. И.
_f1825-1888
_gАлександр Иванович
_4220
801 0 _aRU
_bNLR
_gpsbo
801 0 _aRU
_bRuMoRGB
_2psbo
801 1 _aRU
_bProSoft-M
_2rusmarc
852 _aNLR
_j18.127.1.68
852 _aNLR
_bМф
_jК1/5794
899 _aRuMoRGB
_jT 64/518
899 _aБАН
899 _aГПИБ
942 _cBOOK
980 _aNB